000 00375nam a2200169Ia 4500
100 _aPrasad/K.V.K.K
650 _aSoftware testing
942 _cBK
366 _f27
654 _asoftware testing tools
245 _aSoftware testing tools
260 _bDreamtech Press
_c2012
082 _a5.15
_bPRA
300 _a462
546 _aENGLISH
_celectronics
999 _c24717
_d24717